<?xml version="1.0" encoding="UTF-8"?>
<marc:record xmlns:marc="http://www.loc.gov/MARC21/slim">
   <marc:leader>00000nam a2200000 a 4500</marc:leader>
   <marc:datafield ind1="1" ind2=" " tag="100">
      <marc:subfield code="a">Nagayama, Yoshitaka</marc:subfield>
      <marc:subfield code="4">aut</marc:subfield>
      <marc:subfield code="e">Verfasser/-in</marc:subfield>
   </marc:datafield>
   <marc:datafield ind1=" " ind2=" " tag="653">
      <marc:subfield code="a">Manga</marc:subfield>
   </marc:datafield>
   <marc:datafield ind1="0" ind2="0" tag="245">
      <marc:subfield code="a">Super Dragon ball heroes: Big Bang Mission 1</marc:subfield>
   </marc:datafield>
   <marc:datafield ind1=" " ind2="1" tag="264">
      <marc:subfield code="b">Carlsen Manga</marc:subfield>
      <marc:subfield code="c">2020</marc:subfield>
   </marc:datafield>
   <marc:datafield ind1="1" ind2=" " tag="490">
      <marc:subfield code="a">Super Dragon ball heroes</marc:subfield>
   </marc:datafield>
   <marc:datafield ind1="1" ind2=" " tag="520">
      <marc:subfield code="a">Die Fortsetzung von Super Dragon Ball Heroes - Mission Dämonenreich basiert als eigene Version auf der Storyline, die im kartenbasierten Arcadegame Super Dragon Ball Heroes und in der Prison Planet Saga ihren Anfang nahm und später in der Universal Conflict Saga weitergeführt wurde.  

Nach der Entführung von Future Trunks lockt der mysteriöse Fu Goku und Vegeta auf den Gefängnisplaneten. Auf diesem Verbund aus mehreren Planeten versammelt Fu die stärksten Kämpfer für ein ganz besonderes Experiment: Um vom Gefängnisplaneten fliehen zu können, müssen die Helden alle sieben Dragon Balls sammeln.[Verlagstext]</marc:subfield>
   </marc:datafield>
   <marc:datafield ind1=" " ind2=" " tag="020">
      <marc:subfield code="a">9783551779908</marc:subfield>
      <marc:subfield code="9">9783551779908</marc:subfield>
   </marc:datafield>
</marc:record>
